000 00579nam a22001935i 4500
001 167384
003 ES-MaACL
005 20250822035138.0
008 050926s1904 it | |||||||| ||ita d
040 _aCAM
_bspa
_cCAM
100 1 _aViazzi, Pio.
_9133662
245 1 0 _aPsicologia dei sessi /
_cPio Viazzi.
260 _aTorino :
_bFratelli Bocca Editori,
_c1904 (
_fVincenzo Bona)
300 _aVIII, 307 p. ;
_c22 cm.
650 7 _aPsicología sexual
_2embne
_916572
752 _aItalia -
_dTurín
852 _aES-MaACL
_jF-6083
_z-- Enc. hol.
999 _c167384
_d167384